📖💬 Paroles " Le ChĂȘne et le Roseau" La Fontaine - Statistiques

Statistiques générales
  • Ce quiz a Ă©tĂ© pris 246 fois
  • Le rĂ©sultat moyen est 146 sur 233
Statistiques - réponses
Mots % Correct
ChĂȘne
100%
l'
100%
L'
100%
Le
100%
le
100%
Roseau :
100%
Roseau
100%
Ă 
99%
Aquilon ;
99%
d'
97%
n'
97%
au
95%
dit
94%
et
92%
Et
92%
ne
92%
un
92%
Un
92%
pas
91%
pas.
91%
Zéphyr.
91%
jour
90%
la
90%
La
90%
lĂ 
90%
plie,
90%
plie ;
90%
vent
90%
vent.
90%
de
87%
qu'
84%
est
83%
les
83%
Les
83%
me
83%
je
80%
Je
80%
Mais
80%
mais
80%
qui
80%
Vous
80%
vous
80%
ce
79%
des
79%
du
78%
Du
78%
il
78%
que
77%
Que
77%
avez
72%
romps
72%
mon
71%
eau
70%
plus
67%
si
67%
bien
66%
pour
66%
Sur
66%
ces
64%
Tout
64%
tout
64%
Fait
62%
fait
62%
ses
62%
arbre
60%
semble
56%
dans
55%
avec
53%
sans
53%
Dont
52%
dont
52%
bon
49%
bon,
49%
Ciel
49%
tempĂȘte.
49%
lui
48%
moins
48%
Votre
47%
moindre
46%
tĂȘte :
46%
tĂȘte
46%
déracine
45%
jusqu'
45%
tient
44%
tant
43%
Celui
41%
pieds
41%
fin.
40%
ici
40%
sont
40%
abri
39%
effort
39%
était
39%
Nature.
39%
Nature
39%
aventure
38%
orage :
38%
vents
38%
Comme
37%
fardeau.
37%
Morts.
37%
auriez
36%
bout
36%
eût
36%
face
36%
feuillage
36%
Part
36%
redouble
36%
Résisté
36%
Soleil,
36%
efforts,
34%
mots,
34%
Non
34%
souvent
34%
Empire
33%
Encor
33%
horizon
33%
porté
33%
rayons
33%
Roitelet
33%
bords
32%
Caucase
32%
envers
32%
jusque-
32%
Nord
32%
pesant
32%
terrible
32%
touchaient
32%
accuser
31%
leurs
31%
rider
31%
Arbuste,
30%
baisser
30%
front
30%
oblige
30%
courber
29%
enfants
29%
injuste.
29%
pareil,
29%
répondit
29%
content
28%
couvre
28%
dos :
28%
souci.
28%
sujet
28%
voisinnage ;
28%
arrĂȘter
26%
attendons
26%
naissiez
26%
naturel ;
26%
Royaumes
26%
voisine,
26%
Contre
25%
naissez
25%
Cependant
24%
coups
24%
disait
24%
redoutables.
24%
souffrir ;
24%
flancs.
23%
quittez
23%
compassion,
22%
humides
22%
accourt
21%
furie
21%
Brave
20%
défendrais
18%
épouvantables
8%
Aucun quiz correspondant
Distribution des résultats
% des personnes avec chaque résultat
Percentile par nombre de réponses
Votre historique - résultats
Vous n’avez pas pris ce quiz